| 000 | 00794nam a2200241Ia 4500 | ||
|---|---|---|---|
| 003 | OSt | ||
| 005 | 20251120103030.0 | ||
| 008 | 221004b |||||||| |||| 00| 0 eng d | ||
| 020 | _a8125027386 | ||
| 037 | _cTB | ||
| 040 |
_aCRL _cCRL _beng |
||
| 041 |
_2eng _aeng |
||
| 084 |
_aU8.5.N10<--M70 P5 _qCL |
||
| 100 |
_aSen, Simonti _9602189 |
||
| 245 | 0 |
_aTravels to Europe: _b Self and other in Bengali ravel narratives, 1870-1910 |
|
| 260 |
_aNew Delhi, India: _bOrient Longman India; _c2005. |
||
| 300 |
_a226p. _ccm. |
||
| 490 | _aNew perspectives in South Asian History.9. | ||
| 650 |
_a GEOGRAPHY _9852473 |
||
| 650 |
_aTRAVEL _9852474 |
||
| 942 |
_hU8.5'N10<--M70 P5 _cTB _2CC _n0 |
||
| 999 |
_c985795 _d985795 |
||